Statistiken für Gemeinden des Märkischen Kreises (NRW)

Klicken Sie hier um das Quiz zu spielen!

Allgemein

  • Dieses Quiz wurde 126 mal gespielt
  • Das Durchschnittsergebnis liegt bei 11 aus 15

Antwortstatistiken

Gemeinde% Korrekt
Iserlohn
95%
Menden (Sauerland)
89%
Lüdenscheid
88%
Hemer
84%
Altena
79%
Plettenberg
79%
Werdohl
68%
Balve
67%
Neuenrade
63%
Halver
61%
Nachrodt-Wiblingwerde
60%
Schalksmühle
60%
Herscheid
58%
Meinerzhagen
54%
Kierspe
49%

Verteilung der Resultate

Perzentil nach korrekt beantworteten Fragen

Anzahl Personen mit jedem Resultat

Ihre Resultats-Entwicklung

Sie haben dieses Quiz noch nicht gespielt